Intelligence tradecraft / (Record no. 141682)

MARC details
000 -LEADER
fixed length control field 00652nam a22002057a 4500
005 - DATE AND TIME OF LATEST TRANSACTION
control field 20240110155737.0
010 ## - LCCN (DPL NO)
LC control number ENG-118831 ENG-138845
020 ## - INTERNATIONAL STANDARD BOOK NUMBER
International Standard Book Number 9788191060775
Terms of availability 695.00
035 ## - SYSTEM CONTROL NUMBER
System control number EN-102363
035 ## - SYSTEM CONTROL NUMBER
System control number EN-122377
037 ## - SOURCE OF ACQUISITION
Source of stock number/acquisition DBAD/PUB
082 ## - DEWEY DECIMAL CLASSIFICATION NUMBER
Classification number 327.12
100 ## - MAIN ENTRY--PERSONAL NAME
Personal name KUMAR, UDAY
245 ## - TITLE STATEMENT
Title Intelligence tradecraft /
Statement of responsibility, etc by Uday Kumar
Remainder of title an art of trapping the enemies /
260 ## - PUBLICATION, DISTRIBUTION, ETC. (IMPRINT)
Place of publication, distribution, etc New Delhi
Name of publisher, distributor, etc Lucky International
Date of publication, distribution, etc 2016
270 ## - ADDRESS
Address H-16/1922, Sangam Vihar
City New Delhi
Postal code 110080
300 ## - PHYSICAL DESCRIPTION
Extent 213p.:
Dimensions 22cm(Hb)
Other physical details ill
500 ## - GENERAL NOTE
General note Includes bibliographical reference
942 ## - ADDED ENTRY ELEMENTS (KOHA)
Source of classification or shelving scheme Dewey Decimal Classification
Item type English Books
Classification part 327.12
Call number suffix UDA
Holdings
Withdrawn status Lost status Not for loan Collection code Home library Current library Date acquired Source of acquisition Cost, normal purchase price Full call number Barcode Copy number Cost, replacement price Koha item type
    Not For Loan Non-fiction D.B.Act.Division Bawana 21/06/2017 DBAD/PUB 695.00 327.12 UDA EN-102363 1 695.00 English Books
      Non-fiction Sarojini Nagar Sarojini Nagar 10/01/2024 DBAD/PUB 695.00 327.12 UDA EN-122377 1 695.00 English Books

© Delhi Public Library
Hit Counter
free hit counter